<?xml version="1.0" encoding="UTF-8"?>
<record
    xmlns:xsi="http://www.w3.org/2001/XMLSchema-instance"
    xsi:schemaLocation="http://www.loc.gov/MARC21/slim http://www.loc.gov/standards/marcxml/schema/MARC21slim.xsd"
    xmlns="http://www.loc.gov/MARC21/slim">

  <leader>00558    a2200193   4500</leader>
  <controlfield tag="003">OSt</controlfield>
  <controlfield tag="005">20251029123735.0</controlfield>
  <controlfield tag="008">251029b        |||||||| |||| 00| 0 eng d</controlfield>
  <datafield tag="020" ind1=" " ind2=" ">
    <subfield code="a">9788197076718</subfield>
  </datafield>
  <datafield tag="082" ind1=" " ind2=" ">
    <subfield code="2">23</subfield>
    <subfield code="a">610.7362</subfield>
  </datafield>
  <datafield tag="100" ind1=" " ind2=" ">
    <subfield code="a">Magon,  Pushpendra </subfield>
    <subfield code="9">213163</subfield>
  </datafield>
  <datafield tag="245" ind1=" " ind2=" ">
    <subfield code="a">Child Health Nursing-II </subfield>
    <subfield code="b">For B.Sc. Nursing Students (Semester - VI ) </subfield>
  </datafield>
  <datafield tag="250" ind1=" " ind2=" ">
    <subfield code="a">1st Edition</subfield>
  </datafield>
  <datafield tag="260" ind1=" " ind2=" ">
    <subfield code="b">Lotus Publisher</subfield>
    <subfield code="a">Jalandhar,Punjab</subfield>
    <subfield code="c">2025</subfield>
  </datafield>
  <datafield tag="300" ind1=" " ind2=" ">
    <subfield code="a">VIII;316P.</subfield>
  </datafield>
  <datafield tag="650" ind1=" " ind2=" ">
    <subfield code="a">Child Health Nursing</subfield>
  </datafield>
  <datafield tag="700" ind1=" " ind2=" ">
    <subfield code="a">Ashraf, Mir Uzma</subfield>
    <subfield code="9">214716</subfield>
  </datafield>
  <datafield tag="942" ind1=" " ind2=" ">
    <subfield code="c">BK</subfield>
    <subfield code="2">ddc</subfield>
  </datafield>
  <datafield tag="999" ind1=" " ind2=" ">
    <subfield code="c">367834</subfield>
    <subfield code="d">367834</subfield>
  </datafield>
  <datafield tag="952" ind1=" " ind2=" ">
    <subfield code="0">0</subfield>
    <subfield code="1">0</subfield>
    <subfield code="2">ddc</subfield>
    <subfield code="4">0</subfield>
    <subfield code="7">0</subfield>
    <subfield code="a">SNCN</subfield>
    <subfield code="b">SNCN</subfield>
    <subfield code="d">2025-10-29</subfield>
    <subfield code="e">108</subfield>
    <subfield code="g">392.00</subfield>
    <subfield code="l">3</subfield>
    <subfield code="o">610.7362 MAG</subfield>
    <subfield code="p">SNCN-BK-3757</subfield>
    <subfield code="r">2026-01-17 15:08:53</subfield>
    <subfield code="s">2026-01-06</subfield>
    <subfield code="v">490.00</subfield>
    <subfield code="w">2025-10-29</subfield>
    <subfield code="y">BK</subfield>
  </datafield>
  <datafield tag="952" ind1=" " ind2=" ">
    <subfield code="0">0</subfield>
    <subfield code="1">0</subfield>
    <subfield code="2">ddc</subfield>
    <subfield code="4">0</subfield>
    <subfield code="7">0</subfield>
    <subfield code="a">SNCN</subfield>
    <subfield code="b">SNCN</subfield>
    <subfield code="d">2025-10-29</subfield>
    <subfield code="e">108</subfield>
    <subfield code="g">392.00</subfield>
    <subfield code="l">5</subfield>
    <subfield code="o">610.7362 MAG</subfield>
    <subfield code="p">SNCN-BK-3759</subfield>
    <subfield code="r">2026-05-14 11:21:08</subfield>
    <subfield code="s">2026-05-13</subfield>
    <subfield code="v">490.00</subfield>
    <subfield code="w">2025-10-29</subfield>
    <subfield code="y">BK</subfield>
  </datafield>
  <datafield tag="952" ind1=" " ind2=" ">
    <subfield code="0">0</subfield>
    <subfield code="1">0</subfield>
    <subfield code="2">ddc</subfield>
    <subfield code="4">0</subfield>
    <subfield code="7">0</subfield>
    <subfield code="a">SNCN</subfield>
    <subfield code="b">SNCN</subfield>
    <subfield code="d">2025-10-29</subfield>
    <subfield code="e">108</subfield>
    <subfield code="g">392.00</subfield>
    <subfield code="l">0</subfield>
    <subfield code="o">610.7362 MAG</subfield>
    <subfield code="p">SNCN-BK-3762</subfield>
    <subfield code="r">2025-10-29 00:00:00</subfield>
    <subfield code="v">490.00</subfield>
    <subfield code="w">2025-10-29</subfield>
    <subfield code="y">BK</subfield>
  </datafield>
  <datafield tag="952" ind1=" " ind2=" ">
    <subfield code="0">0</subfield>
    <subfield code="1">0</subfield>
    <subfield code="2">ddc</subfield>
    <subfield code="4">0</subfield>
    <subfield code="7">0</subfield>
    <subfield code="a">SNCN</subfield>
    <subfield code="b">SNCN</subfield>
    <subfield code="d">2025-10-29</subfield>
    <subfield code="e">108</subfield>
    <subfield code="g">392.00</subfield>
    <subfield code="l">3</subfield>
    <subfield code="o">610.7362 MAG</subfield>
    <subfield code="p">SNCN-BK-3760</subfield>
    <subfield code="q">2026-04-27</subfield>
    <subfield code="r">2026-03-25 14:04:24</subfield>
    <subfield code="s">2026-03-25</subfield>
    <subfield code="v">490.00</subfield>
    <subfield code="w">2025-10-29</subfield>
    <subfield code="y">BK</subfield>
  </datafield>
  <datafield tag="952" ind1=" " ind2=" ">
    <subfield code="0">0</subfield>
    <subfield code="1">0</subfield>
    <subfield code="2">ddc</subfield>
    <subfield code="4">0</subfield>
    <subfield code="7">0</subfield>
    <subfield code="a">SNCN</subfield>
    <subfield code="b">SNCN</subfield>
    <subfield code="d">2025-10-29</subfield>
    <subfield code="e">108</subfield>
    <subfield code="g">392.00</subfield>
    <subfield code="l">0</subfield>
    <subfield code="o">610.7362 MAG</subfield>
    <subfield code="p">SNCN-BK-3756</subfield>
    <subfield code="r">2025-10-29 00:00:00</subfield>
    <subfield code="v">490.00</subfield>
    <subfield code="w">2025-10-29</subfield>
    <subfield code="y">BK</subfield>
  </datafield>
  <datafield tag="952" ind1=" " ind2=" ">
    <subfield code="0">0</subfield>
    <subfield code="1">0</subfield>
    <subfield code="2">ddc</subfield>
    <subfield code="4">0</subfield>
    <subfield code="7">0</subfield>
    <subfield code="a">SNCN</subfield>
    <subfield code="b">SNCN</subfield>
    <subfield code="d">2025-10-29</subfield>
    <subfield code="e">108</subfield>
    <subfield code="g">392.00</subfield>
    <subfield code="l">2</subfield>
    <subfield code="o">610.7362 MAG</subfield>
    <subfield code="p">SNCN-BK-3754</subfield>
    <subfield code="r">2026-02-17 10:07:56</subfield>
    <subfield code="s">2026-02-02</subfield>
    <subfield code="v">490.00</subfield>
    <subfield code="w">2025-10-29</subfield>
    <subfield code="y">BK</subfield>
  </datafield>
  <datafield tag="952" ind1=" " ind2=" ">
    <subfield code="0">0</subfield>
    <subfield code="1">0</subfield>
    <subfield code="2">ddc</subfield>
    <subfield code="4">0</subfield>
    <subfield code="7">0</subfield>
    <subfield code="a">SNCN</subfield>
    <subfield code="b">SNCN</subfield>
    <subfield code="d">2025-10-29</subfield>
    <subfield code="e">108</subfield>
    <subfield code="g">392.00</subfield>
    <subfield code="l">0</subfield>
    <subfield code="o">610.7362 MAG</subfield>
    <subfield code="p">SNCN-BK-3753</subfield>
    <subfield code="r">2025-10-29 00:00:00</subfield>
    <subfield code="v">490.00</subfield>
    <subfield code="w">2025-10-29</subfield>
    <subfield code="y">RF</subfield>
  </datafield>
  <datafield tag="952" ind1=" " ind2=" ">
    <subfield code="0">0</subfield>
    <subfield code="1">0</subfield>
    <subfield code="2">ddc</subfield>
    <subfield code="4">0</subfield>
    <subfield code="7">0</subfield>
    <subfield code="a">SNCN</subfield>
    <subfield code="b">SNCN</subfield>
    <subfield code="d">2025-10-29</subfield>
    <subfield code="e">108</subfield>
    <subfield code="g">392.00</subfield>
    <subfield code="l">5</subfield>
    <subfield code="o">610.7362 MAG</subfield>
    <subfield code="p">SNCN-BK-3755</subfield>
    <subfield code="r">2026-02-18 16:03:01</subfield>
    <subfield code="s">2026-02-02</subfield>
    <subfield code="v">490.00</subfield>
    <subfield code="w">2025-10-29</subfield>
    <subfield code="y">BK</subfield>
  </datafield>
  <datafield tag="952" ind1=" " ind2=" ">
    <subfield code="0">0</subfield>
    <subfield code="1">0</subfield>
    <subfield code="2">ddc</subfield>
    <subfield code="4">0</subfield>
    <subfield code="7">0</subfield>
    <subfield code="a">SNCN</subfield>
    <subfield code="b">SNCN</subfield>
    <subfield code="d">2025-10-29</subfield>
    <subfield code="e">108</subfield>
    <subfield code="g">392.00</subfield>
    <subfield code="l">3</subfield>
    <subfield code="o">610.7362 MAG</subfield>
    <subfield code="p">SNCN-BK-3758</subfield>
    <subfield code="r">2026-02-16 12:54:46</subfield>
    <subfield code="s">2026-01-31</subfield>
    <subfield code="v">490.00</subfield>
    <subfield code="w">2025-10-29</subfield>
    <subfield code="y">BK</subfield>
  </datafield>
  <datafield tag="952" ind1=" " ind2=" ">
    <subfield code="0">0</subfield>
    <subfield code="1">0</subfield>
    <subfield code="2">ddc</subfield>
    <subfield code="4">0</subfield>
    <subfield code="7">0</subfield>
    <subfield code="a">SNCN</subfield>
    <subfield code="b">SNCN</subfield>
    <subfield code="d">2025-10-29</subfield>
    <subfield code="e">108</subfield>
    <subfield code="g">392.00</subfield>
    <subfield code="l">0</subfield>
    <subfield code="o">610.7362 MAG</subfield>
    <subfield code="p">SNCN-BK-3761</subfield>
    <subfield code="r">2025-10-29 00:00:00</subfield>
    <subfield code="v">490.00</subfield>
    <subfield code="w">2025-10-29</subfield>
    <subfield code="y">BK</subfield>
  </datafield>
</record>
